000 00573nam a2200169 i 4500
001 24354
003 ES-MaACL
005 20230906153032.0
007 t|
008 021217s1965 sp f |||| | spa d
245 0 0 _aAntología bilingüe (español-inglés) de la poesía española moderna /
_cselección y traducción al inglés por Helen Wohl Patterson.
260 _aMadrid :
_bCultura Hispánica,
_c1965.
300 _a365 p., 1 lám. ;
_c21 cm.
650 4 _aPoesías españolas-
_yS.XX.
_916221
700 1 _aPatterson, Helen Wohl.
_989608
852 _aES-MaACL
_jC-28055
999 _c24354
_d24354